| 000 | 00669nam a22002297a 4500 | ||
|---|---|---|---|
| 001 | 21135 | ||
| 003 | UA-OsUOA | ||
| 005 | 20220626231418.0 | ||
| 007 | ta | ||
| 008 | 20031119b un ||||| |||| 00| 0 ukr d | ||
| 040 |
_aUA-OsUOA _brus _cUA-OsUOA _dUA-OsUOA |
||
| 041 | _arus | ||
| 044 | _aRU | ||
| 080 | _a94(430)"1939/1945" | ||
| 090 |
_a94(430)"1939/1945" _bП55 |
||
| 245 |
_aПомни: вперед шагая, единством мы сильны _cЮ. В. Бондарев, С. М. Борзунов |
||
| 260 |
_aМосква _bХудожественная литература _c1978 |
||
| 300 | _a413 с. | ||
| 650 | 7 | _2UDC | |
| 942 |
_cBK _2udc |
||
| 955 | _a0 | ||
| 999 |
_c307328 _d307328 |
||